5HLuxD.jpg

KING HENRY VIII SENIOR AND PRIMARY SCHOOL LIBRARY OPAC

A mathematician's apology / (Record no. 322)

000 -LEADER
fixed length control field 01343pam a2200421 a 4500
001 - CONTROL NUMBER
control field 019308578
003 - CONTROL NUMBER IDENTIFIER
control field UkOxU
005 - DATE AND TIME OF LATEST TRANSACTION
control field 20190806100411.0
007 - PHYSICAL DESCRIPTION FIXED FIELD--GENERAL INFORMATION
fixed length control field ta
008 - FIXED-LENGTH DATA ELEMENTS--GENERAL INFORMATION
fixed length control field 120118r20121992enk 000|0deng d
020 ## - INTERNATIONAL STANDARD BOOK NUMBER
International Standard Book Number 9781107604636 (pbk.) :
020 ## - INTERNATIONAL STANDARD BOOK NUMBER
International Standard Book Number 110760463X (pbk.) :
035 ## - SYSTEM CONTROL NUMBER
System control number (UK-WkNB)9781107604636
035 ## - SYSTEM CONTROL NUMBER
System control number (StEdALDL)1/2788083
040 ## - CATALOGING SOURCE
Original cataloging agency UK-WkNB
Language of cataloging eng
Transcribing agency UK-WkNB
Modifying agency UkOxU
042 ## - AUTHENTICATION CODE
Authentication code ukscp
049 ## - LOCAL HOLDINGS (OCLC)
Holding library CROBAR
082 04 - DEWEY DECIMAL CLASSIFICATION NUMBER
Classification number 510 HAR
Edition number 23
100 1# - MAIN ENTRY--PERSONAL NAME
Personal name Hardy, G. H.
Fuller form of name (Godfrey Harold),
Dates associated with a name 1877-1947.
Relator term author
245 12 - TITLE STATEMENT
Title A mathematician's apology /
Statement of responsibility, etc. by G.H. Hardy ; with a foreword by C.P. Snow.
250 ## - EDITION STATEMENT
Edition statement Canto ed.
260 ## - PUBLICATION, DISTRIBUTION, ETC.
Place of publication, distribution, etc. Cambridge :
Name of publisher, distributor, etc. Cambridge University Press,
Date of publication, distribution, etc. 2012.
300 ## - PHYSICAL DESCRIPTION
Extent 153 p. ;
Dimensions 22 cm.
490 1# - SERIES STATEMENT
Series statement Canto classics
500 ## - GENERAL NOTE
General note This ed. originally published: 1992.
600 10 - SUBJECT ADDED ENTRY--PERSONAL NAME
Personal name Hardy, G. H.
Fuller form of name (Godfrey Harold),
Dates associated with a name 1877-1947.
650 #0 - SUBJECT ADDED ENTRY--TOPICAL TERM
Topical term or geographic name entry element Mathematics
General subdivision Philosophy.
700 1# - ADDED ENTRY--PERSONAL NAME
Personal name Snow, C. P.
Fuller form of name (Charles Percy),
Dates associated with a name 1905-1980.
Relator term Writer of foreword
830 #0 - SERIES ADDED ENTRY--UNIFORM TITLE
Uniform title Canto classics.
942 ## - ADDED ENTRY ELEMENTS (KOHA)
Source of classification or shelving scheme
Koha item type Books - Non Ficton
980 ## - EQUIVALENCE OR CROSS-REFERENCE-SERIES STATEMENT--PERSONAL NAME/TITLE [LOCAL, CANADA]
Miscellaneous information 1
Date of a work 1/2788083
981 ## - EQUIVALENCE OR CROSS-REFERENCE-SERIES STATEMENT--CORPORATE NAME/TITLE [LOCAL, CANADA]
Date of meeting or treaty signing Agency file oxf2012-16.1
Holdings
Withdrawn status Lost status Source of classification or shelving scheme Damaged status Not for loan Collection code Permanent Location Current Location Shelving location Date acquired Total Checkouts Full call number Barcode Date last seen Date last checked out Price effective from Koha item type
          Non-Fiction KH8 Senior School Library KH8 Senior School Library Non Fiction 2019-08-06 1 510 HAR 3KHSL000101124 2022-07-07 2022-05-17 2019-08-06 Books - Non Ficton

Powered By KH8 IT Dept